Trenčiansky región

Pokračovanie poznávacích článkov k regionálnej geografii Slovenska. Trenčiansky región - dôležitejšie mestá a obce, ich kultúrno-historické pamiatky.

Salvato in:
Dettagli Bibliografici
Autore principale: Lacika, Ján
Natura: Capitolo di libro
Lingua:slovacco
Soggetti:
Tags: Aggiungi Tag
Nessun Tag, puoi essere il primo ad aggiungerne!!

MARC

LEADER 00000naa$a2200000$$$4500
001 0108810
005 20231127085255.3
041 0 |a slo 
044 |a SK 
245 1 0 |a Trenčiansky región  |c Ján Lacika 
520 |a Pokračovanie poznávacích článkov k regionálnej geografii Slovenska. Trenčiansky región - dôležitejšie mestá a obce, ich kultúrno-historické pamiatky. 
610 2 0 |a Slovensko 
610 2 0 |a regióny 
610 2 0 |a informácie geografické 
610 2 0 |a pamiatky 
100 1 |a Lacika, Ján